000 01549cam a22003737a 4500
003 CHAP
005 20220329142041.0
008 990427d1998 mx rs o00110 spa d
010 _a77624
011 _a78596
020 _a9701318137
035 _a88607
040 _cCHAP
082 0 4 _a630.83
_bI63 v.1
110 2 _aInstituto Nacional de Estadística, Geografía e Informática. México
_959304
245 1 3 _aLa ganadería familiar en México
_c/por Instituto Nacional de Estadística, Geografía e Informática
260 _aAguascalientes, Ags. :
_bInstituto Nacional de Estadística, Geografía e Informática,
_c1998.
300 _a80 p. :
_bgráfs. ; cuadros
590 _aBATCH-UPD
_b10
_c20130110
_lUCH01
_h0627
590 _aBATCH-UPD
_b10
_c20130410
_lUCH01
_h0310
590 _aBATCH-UPD
_b10
_c20130914
_lUCH01
_h0336
590 _aCONVERSION
_b10
_c20130109
_lUCH01
_h1343
650 1 4 _aAnimales de carga.
_95878
650 1 4 _aAvicultura
_xEstadísticas
_zMéxico.
_98724
650 1 4 _aGanadería
_xEstadísticas
_zMéxico.
_944716
710 0 _aColegio de Postgraduados. Montecillo, Méx.
_925095
901 _aBK
905 _aLilia Sánchez G.
942 _cLIBRO
949 _a630.83 I63 v.1
_bBC
_cINEGI
_d33724000721825
_eINEGI
_gI.c/e
_h95106
_i88607
_sb
949 _a630.83 I63 v.1
_bBC
_cINEGI
_d33724000855797
_eINEGI
_fc.3
_gI.c/e
_h101651
_i88607
_st
949 _a630.83 I63 v.1
_bBC
_cINEGI
_d33724000855854
_eINEGI
_fc.4
_gI.c/e
_h101652
_i88607
_si
949 _a630.83 I63 v.1
_bBC
_cUACH
_d33724000721817
_eUACH
_fc.2
_gI.c/e
_h95107
_i88607
_sb
999 _c77624
_d77624